000 01398nam a2200229Ia 4500
001 17973
003 GE_BSU
008 181216s||||||||xx |||||||||||||| ||und||
040 _cGE_BSU
080 _a811.353.1(072)+821.353.1(072)
100 _aავალიანი,ჯამბუ. აბზიანიძე, ლეილა. მამარდაშვილი, თამარ
245 _aქართული ენისა და ლიტერატურის მასწავლებლის პროფესიული და მეთოდური გზამკვლევი
245 _bდამხმარე სასწ. მასალა მასწავლებელთა სასერტიფიკაციო გამოცდის მომზადებისა და სასწ. პროცესის უზრუნველსაყოფად
260 _aქუთაისი
260 _bაკაკი წერეთლის სახ. უნ-ტი
260 _c2012
300 _a349გვ.29სმ.
541 _h10ლ.65თ.
653 _aქართული ენისა და ლიტერატურის მასწავლებლის პროფესიული და მეთოდური გზამკვლევი
653 _aქსეროქსი
942 _cBK
999 _c51016
_d51016